| 000 | 00410cam a2200181 4500 | ||
|---|---|---|---|
| 001 | D6887 | ||
| 008 | 090401t1970 xxu||||| |||| 00| 0 eng d | ||
| 035 | _a(Sirsi) u3756 | ||
| 041 | _aeng | ||
| 050 | _a346.4104346 | ||
| 100 | _aMacmillan, S.K. | ||
| 245 | _aLaw of leases | ||
| 260 |
_aLondon _bEstates Gazette _c1970 |
||
| 300 | _axxii. 410p. 20cm | ||
| 350 | _a3.5 | ||
| 942 | _n0 | ||
| 948 | _c04/03/1997 | ||
| 999 |
_c85930 _d85930 |
||